<?xml version="1.0" encoding="UTF-8"?>
<record
    xmlns:xsi="http://www.w3.org/2001/XMLSchema-instance"
    xsi:schemaLocation="http://www.loc.gov/MARC21/slim http://www.loc.gov/standards/marcxml/schema/MARC21slim.xsd"
    xmlns="http://www.loc.gov/MARC21/slim">

  <leader>00872nam a22002057a 4500</leader>
  <controlfield tag="005">20141204153049.0</controlfield>
  <controlfield tag="008">141204b2003    ck Il. |r|||| 00| 0 spa d</controlfield>
  <datafield tag="040" ind1=" " ind2=" ">
    <subfield code="c">CO-BoIH</subfield>
  </datafield>
  <datafield tag="041" ind1=" " ind2=" ">
    <subfield code="a">spa</subfield>
  </datafield>
  <datafield tag="044" ind1=" " ind2=" ">
    <subfield code="a">ck</subfield>
  </datafield>
  <datafield tag="090" ind1=" " ind2=" ">
    <subfield code="a">EA</subfield>
    <subfield code="b">00189</subfield>
  </datafield>
  <datafield tag="245" ind1="0" ind2=" ">
    <subfield code="a">En tu Cuenca Hallar&#xE1;s :</subfield>
    <subfield code="b">Cartilla did&#xE1;ctica para el reconocimiento de la Cuenca del R&#xED;o Tunjuelito  </subfield>
  </datafield>
  <datafield tag="260" ind1=" " ind2=" ">
    <subfield code="a">Bogot&#xE1; D.C :</subfield>
    <subfield code="b">Ministerio de Ambiente, Vivienda y Desarrollo Territorial, </subfield>
    <subfield code="b">Embajada Real de los Pa&#xED;ses Bajos, </subfield>
    <subfield code="c">2003.</subfield>
  </datafield>
  <datafield tag="300" ind1=" " ind2=" ">
    <subfield code="a">49 pag</subfield>
    <subfield code="b">Il.</subfield>
    <subfield code="c">22 x 28 cm</subfield>
  </datafield>
  <datafield tag="650" ind1=" " ind2="4">
    <subfield code="a">Protecci&#xF3;n de los recursos h&#xED;dricos </subfield>
    <subfield code="z">Bogot&#xE1; D.C (Dpt.Colombia)</subfield>
    <subfield code="9">29876</subfield>
  </datafield>
  <datafield tag="650" ind1=" " ind2=" ">
    <subfield code="a">Proyectos ambientales escolares</subfield>
    <subfield code="z">Bogot&#xE1; D.C (Dpt.Colombia)</subfield>
    <subfield code="9">29877</subfield>
  </datafield>
  <datafield tag="650" ind1=" " ind2=" ">
    <subfield code="a">Educaci&#xF3;n ambiental</subfield>
    <subfield code="z">Bogot&#xE1; D.C (Dpt.Colombia)</subfield>
    <subfield code="9">29878</subfield>
  </datafield>
  <datafield tag="650" ind1=" " ind2=" ">
    <subfield code="a">Protecci&#xF3;n del medio ambiente</subfield>
    <subfield code="z">Bogot&#xE1; D.C (Dpt.Colombia)</subfield>
    <subfield code="9">29879</subfield>
  </datafield>
  <datafield tag="942" ind1=" " ind2=" ">
    <subfield code="2">z</subfield>
    <subfield code="c">LIBRO</subfield>
  </datafield>
  <datafield tag="999" ind1=" " ind2=" ">
    <subfield code="c">8869</subfield>
    <subfield code="d">8869</subfield>
  </datafield>
  <datafield tag="952" ind1=" " ind2=" ">
    <subfield code="0">0</subfield>
    <subfield code="1">0</subfield>
    <subfield code="2">z</subfield>
    <subfield code="4">0</subfield>
    <subfield code="7">0</subfield>
    <subfield code="8">EDUAMBIENT</subfield>
    <subfield code="a">Venado</subfield>
    <subfield code="b">Venado</subfield>
    <subfield code="d">2014-12-04</subfield>
    <subfield code="l">0</subfield>
    <subfield code="o">EA-00189</subfield>
    <subfield code="p">034871</subfield>
    <subfield code="r">2014-12-04 00:00:00</subfield>
    <subfield code="t">Ej. 1</subfield>
    <subfield code="w">2014-12-04</subfield>
    <subfield code="x">Donaci&#xF3;n</subfield>
    <subfield code="y">LIBRO</subfield>
  </datafield>
  <datafield tag="952" ind1=" " ind2=" ">
    <subfield code="0">0</subfield>
    <subfield code="1">0</subfield>
    <subfield code="2">z</subfield>
    <subfield code="4">0</subfield>
    <subfield code="7">0</subfield>
    <subfield code="8">EDUAMBIENT</subfield>
    <subfield code="a">Venado</subfield>
    <subfield code="b">Venado</subfield>
    <subfield code="d">2014-12-04</subfield>
    <subfield code="l">0</subfield>
    <subfield code="o">EA-00189</subfield>
    <subfield code="p">034873</subfield>
    <subfield code="r">2014-12-04 00:00:00</subfield>
    <subfield code="t">Ej. 2</subfield>
    <subfield code="w">2014-12-04</subfield>
    <subfield code="x">Donaci&#xF3;n</subfield>
    <subfield code="y">LIBRO</subfield>
  </datafield>
</record>
